000 00656nam a2200181 4500
001 148275
003 ES-MaACL
005 20230906202529.0
007 t|
008 070214s1966 sp r ||||1| spa d
100 1 _aStopp, Elisabeth.
_9108319
245 1 0 _aHistoria de una santa
_b: Madame de Chantal /
_cElisabeth Stopp ; [versión española realizada por Manuel Delgado y Luis Horno Liria].
260 _aMadrid [etc.] :
_bRialp,
_c[1966] (
_fSelecciones Gráficas)
300 _a462 p., 8 lám. :
_bil. = retr. biogr. ;
_c17 cm.
700 1 _aDelgado, Manuel.
_943422
700 1 _aHorno Liria, Luis.
_964232
852 _aES-MaACL
_jC-29179
_bR.59505
999 _c148275
_d148275